Welcome to WEB OPAC of MRSPTU Central Library

Electronics principles (Record no. 6238)

MARC details
000 -LEADER
fixed length control field 00473nam a2200181Ia 4500
008 - FIXED-LENGTH DATA ELEMENTS--GENERAL INFORMATION
fixed length control field 230711s9999||||xx |||||||||||||| ||und||
020 ## - INTERNATIONAL STANDARD BOOK NUMBER
International Standard Book Number 978-0-07-063424-4
041 ## - LANGUAGE CODE
Language code of text/sound track or separate title ENG
082 ## - DEWEY DECIMAL CLASSIFICATION NUMBER
Classification number 621.381
Item number MA-E
100 ## - MAIN ENTRY--PERSONAL NAME
Personal name Malvino,Albert
245 #0 - TITLE STATEMENT
Title Electronics principles
250 ## - EDITION STATEMENT
Edition statement 7th Ed.
260 ## - PUBLICATION, DISTRIBUTION, ETC.
Date of publication, distribution, etc. 2007
Place of publication, distribution, etc. New Delhi
Name of publisher, distributor, etc. McGraw Hill Education(India) Private Limited
300 ## - PHYSICAL DESCRIPTION
Extent 1018p.
650 ## - SUBJECT ADDED ENTRY--TOPICAL TERM
Topical term or geographic name entry element Electrical Engineering
700 ## - ADDED ENTRY--PERSONAL NAME
Personal name Bates,David.J
942 ## - ADDED ENTRY ELEMENTS (KOHA)
Koha item type Book
Holdings
Withdrawn status Lost status Damaged status Not for loan Collection Home library Current library Date acquired Cost, normal purchase price Inventory number Total checkouts Full call number Barcode Date last seen Price effective from Koha item type Date last checked out
          MRSPTU Central Library MRSPTU Central Library   725.00 KBD/2016-2017/961042808   621.381 MA-E 35150 08/17/2023 08/17/2023 Book  
          MRSPTU Central Library MRSPTU Central Library   725.00 KBD/2016-2017/961042808   621.381 MA-E 35151 08/17/2023 08/17/2023 Book  
          MRSPTU Central Library MRSPTU Central Library   725.00 KBD/2016-2017/961042808   621.381 MA-E 35152 08/17/2023 08/17/2023 Book  
          MRSPTU Central Library MRSPTU Central Library   725.00 KBD/2016-2017/961042808 1 621.381 MA-E 35153 02/27/2025 08/17/2023 Book 08/20/2024
          MRSPTU Central Library MRSPTU Central Library   725.00 KBD/2016-2017/961042808   621.381 MA-E 35154 08/17/2023 08/17/2023 Book  

Website Designed and Developed by MRSPTU Central Library Team

E-mail Id: librarian@mrsptu.ac.in